00854nam a2200229 i 450000100060000000300090000600500170001500700030003200800410003510000380007624501110011425000150022526000460024030000200028649000410030665000330034770000280038083000490040885200300045799900170048795201200050484158ES-MaACL20250728113738.0t|041119m19551962sp ||||1| spa d1 aJames, E. O. (d1888-1972)96596210aHistoria de las Religiones / cdirigida por E.O. James ; edición española dirigida por Ramón Roquer. a[1ª ed.]. aBarcelona : bA.H.R., c[1955] (fSimpar) a5 v. ; c24 cm.1 aColección universitaria Hutchinson04aReligiones-xHistoria9168231 aRoquer, Ramón.9995490 aColección universitaria Hutchinson9231654 aES-MaACLjP-646 bR.42322 c84158d84158 00104070aATENEOMbATENEOMcDEPO2d2008-01-17eSCl0oP-646p1087955r2023-02-23 00:00:00w2023-02-23yMONOGRAFIA